000 00587nam a2200193Ia 4500
003 GCL
008 140319s9999 xx 000 0 ara d
040 _aGCL /
_cGCL
082 0 4 _aم
_b413
_bخ ل
100 1 _aخليل الجر
245 1 0 _aلاروس المعجم العربى الحديث /
_cخليل الجر
260 _a[S.N] :
_bمكتبة لاروس ،
_c1991
300 _a1307 ص
490 _aشكاوى المصرى الفصيح
_v0
650 0 4 _aاللغة الفرنسية
650 0 4 _aاللغة العربية
650 0 4 _aالقواميس
942 _2ddc
_cREF
999 _c59508
_d59508